000
00279nam a22001337a 4500
003
SGT
082
_a
612.015
_b
S17S
100
_a
SHAH, ASHOK KUMAR
245
_a
STUDY OF SERUM BIOMARKERS
260
_a
SGTU
_c
2017
300
_a
133
650
_a
BIOCHEMISTRY
942
_2
ddc
_c
TH
999
_c
20734
_d
20734